000 00524nam a22001937a 4500
003 CEME
005 20210628203732.0
008 210126b xxu||||| |||| 00| 0 eng d
020 _a81-203-2111-1
040 _c.
082 _a658.3 GOM
100 _aGomez-Mejia, Luis .R:Balkin, David B:Cardy, Robert L
_967083
245 _aManaging human resources
250 _a3RD
260 _aNEW DELHI
_bPRENTICE HALL OF INDIA
_c2001
300 _aXXVIII,621P
650 _aHUMAN RESOURCE MANAGEMENT
_964173
942 _cBK
_2ddc
999 _c574934
_d574934